000 03129cam a22004934i 4500
003 PE-LiUPU
005 20250731173109.0
008 181213s2017 miua rb 001 0 eng d
020 _a0801049997
020 _a9780801049996
035 _a(Sirsi) a251044
040 _aPE-LiUPU
_bspa
_cPE-LiUPU
_erda
049 _aPRUA
082 0 4 _a226.8
_bG76
_223
100 1 _aGowler, David B.,
_eautor.
245 1 4 _aThe parables after Jesus :
_btheir imaginative receptions across two millennia /
_cDavid B. Gowler.
264 1 _aGrand Rapids, Michigan :
_bBaker Academic, a division of Baker Publishing Group,
_c[2017].
300 _axv, 301 páginas :
_bilustraciones ;
_c23 centímetros
336 _atext
_2rdacontent
337 _aunmediated
_2rdamedia
338 _avolume
_2rdacarrier
504 _aBibliografía: página 275-288.
504 _aÍndice: páginas 289-301.
505 0 _aThe afterlives of Jesus' parables in antiquity (to ca. 550 CE): Irenaeus, The gospel of Philip, Clement of Alexandria, Tertullian, Origen, John Chrysostom, Augustine, Macrina the Younger, Ephrem the Syrian, The good shepherd in early Christian art, Illuminations from the Rossano gospels, Byzantine mosaics, Romanos the Melodist -- The afterlives of Jesus' parables in the Middle Ages (ca. 530-1500 CE): Gregory the Great, Sahih al-Bukhari, Wazo of Liège, The golden gospels of Echternach, Theophylact, Hildegard of Bingen, Chartres Cathedral, Bonaventure, Thomas Aquinas, John Gower, Antonia Pulci, Albrecht Dürer -- The afterlives of Jesus' parables in the sixteenth and seventeenth centuries : Martin Luther, Anna Jansz of Rotterdam, John Calvin, John Maldonatus, William Shakespeare, Domenico Fetti, George Herbert, Roger Williams, Rembrandt Harmenszoon van Rijn, John Bunyan -- The afterlives of Jesus' parables in the eighteenth and nineteenth centuries : William Blake, Søren Kierkegaard, Frederick Douglass, Fanny Crosby, Leo Tolstoy, John Everett Millais, Emily Dickinson, Charles Haddon Spurgeon, Adolf Jülicher -- The afterlives of Jesus' parables in the twentieth and twenty-first centuries : Thomas Hart Benton, Parables and the blues : Rev. Robert Wilkins, Flannery O'Connor, Martin Luther King Jr., Godspell, Two Latin American receptions : The peasants of Solentiname, Elsa Tamez, David Flusser, Octavia Butler, Thich Nhat Hahn -- Conclusion : what do parables want?
526 _aSEG42
526 _aSEG41
526 _aSEG40
526 _aSEG39
526 _aP94
526 _aP87
526 _aP86
526 _aP85
526 _aP77
526 _aP76
526 _aP35
630 0 7 _aBiblia.
_pN.T.
_2gnd
_0 (DE-588)4041771-2
650 0 7 _aParábola (literatura)
_0(DE-588)4075855-2
_2gnd
910 _adbm
_bsag
_csag
_d20181213
942 _2ddc
_cBOOK
994 _aC0
_bPEPRU
596 _a1
999 _a226.8 G76
_wDEWEY
_c30496
_i79412
_f2021-11-9
_g4
_lCCODEBUL1
_mBUL
_p18.00
_r0
_sY
_tBOOK
_u2018-12-13
_xTEOLOGIA
_PP85
_0COMPRA
_1FCOMPR2
_o.STAFF. Colección Teología
_d30496
980 _81
_gALBERTO SANCHEZ Responsable de Automatización